Literary Character by Halloween Costume Quiz Stats

 Plays Quiz Updated Oct 26, 2017

Challenge
Share
Tweet
Score 0/21 Timer 05:00
1 Play Today
% Correct
Harry Potter
94.8%
Sherlock Holmes
92.4%
Tin Woodman
92%
Winnie-the-Pooh
91.8%
Frankenstein's Monster
91%
Waldo
90.5%
Clifford the Big Red Dog
85.1%
Peter Pan
83.8%
Thing 1
77.2%
Katniss Everdeen
74.5%
Willy Wonka
73.3%
% Correct
Very Hungry Caterpillar
72.8%
Pippi Longstocking
71.7%
Tom Sawyer & Huckleberry Finn
68.9%
The Man with the Yellow Hat
65.5%
Madeline
62.1%
Quasimodo
61.4%
Cheshire Cat
53%
Mouse
50.3%
Max
36.6%
Matilda
35.1%

You're not logged in!

Compare scores with friends on all Sporcle quizzes.
OR
Log In

You Might Also Like...

Show Comments

Extras

Top Quizzes Today


Score Distribution

Your Account Isn't Verified!

In order to create a playlist on Sporcle, you need to verify the email address you used during registration. Go to your Sporcle Settings to finish the process.

Report this User

Report this user for behavior that violates our Community Guidelines.

Details: